01068naa a2200229 i 4500001000400000003000400004005001700008008003900025040000800064080001600072100012200088245011300210500012400323520007100447650000900518650002700527655003000554711011000584773011800694942001300812999001300825BPPBPK20180426112501.0151221s2001 pl f |100 0 pol cBPK a629.783:528 aKOPCZEWSKI, Marian.d1997 - .bPolitechnika Koszalińska - Wydział Elektroniki,cKatedra Systemów Elektronicznych aGlobalny system pozycyjny - GPS (współczesna technika pomiarowa) /cMarian Kopczewski, Grażyna Moryń. asprawozdanie jednostki (Informator o publikowanych wynikach prac naukowo-badawczych w 2001 roku Wydziału Elektroniki). aCharakterystyka systemu GPS oraz możliwości jego zastosowania. aGPS. aNawigacja satelitarna. 0aMateriały konferencyjne. aKonferencja Naukowa "Sterowanie w radiolokacji i obiektach latających"n(12 ;d2001 ;cJelenia Góra). iW :tDwunasta Konferencja Naukowa WAT pn. Sterowanie w radiolokacji i obiektach latających. -g2001, s. 153-160 cART2UKD c220d220